Nanotechnology research journal

Bibliographic Details
Previous Title:Current research on nanotechnology
Format: Electronic Journal
Language:English
Published: Hauppauge, NY : Nova Science Publishers, Inc.
Subjects:
Online Access:Full text available from Research Library: 01/01/2011 to 10/31/2016

MARC

LEADER 00000nas a2200000 a 4500
001 ssj0001454343
003 WaSeSS
005 20200512172242.0
006 m d
007 cr n
008 101207c20099999nyuqx p s 0 a0eng
010 |a  2010243923 
016 7 |a 101549125  |2 DNLM 
035 |a (WaSeSS)ssj0001454343 
040 |a NLM  |b eng  |c NLM  |d DLC  |d OCLCF  |d OCLCO  |d AU@  |d OCLCA  |d OCLCQ  |d CUS  |d WaSeSS 
042 |a pcc 
050 0 0 |a T174.7  |b .C87 
060 0 0 |a W1  |b CU8092D 
082 1 0 |a 620.5  |2 14 
245 0 0 |a Nanotechnology research journal  |h [electronic resource]. 
260 |a Hauppauge, NY :  |b Nova Science Publishers, Inc. 
310 |a Quarterly 
362 1 |a Began with vol. 1, issue 3/4 (2009). 
506 |a License restrictions may limit access. 
515 |a Vol. 2, issue 1/2 cover and table of content page show different dates. 
588 |a Description based on: Vol. 1, issue 3/4 (2009); title from cover. 
588 |a Latest issue consulted: Vol. 2, issue 1/2 (2009). 
650 0 |a Nanotechnology  |x Research  |v Periodicals. 
650 0 |a High technology  |x Research  |v Periodicals. 
650 1 2 |a Nanotechnology. 
650 7 |a High technology  |x Research.  |2 fast  |0 (OCoLC)fst00956421 
650 7 |a Nanotechnology  |x Research.  |2 fast  |0 (OCoLC)fst01911108 
655 0 |a Electronic journals. 
780 0 0 |t Current research on nanotechnology  |x 1935-2484  |w (DLC) 2006215760  |w (OCoLC)77488320 
850 |a DLC  |a DNLM 
856 4 0 |z Full text available from Research Library: 01/01/2011 to 10/31/2016  |u https://search.proquest.com/publication/2034822